[One Piece] Membres de la Grande Flotte du Chapeau de Paille en images - Statistiques

Statistiques générales
  • Ce quiz a été pris 63 fois
  • Le résultat moyen est 18 sur 34
Statistiques - réponses
Par images Réponse % Correct
Cavendish
98%
Baby 5
95%
Bartolomeo
95%
Don Chinjao
95%
Hajrudin
95%
Léo
93%
Don Sai
91%
Ideo
88%
Orlumbus
74%
Bee Anne
70%
Blue Gilly
70%
Abdullah
65%
Boo
65%
Jeet
60%
Kabu
58%
Suleiman
58%
Farul
56%
Gerd
53%
Gambia
47%
Goldberg
47%
Road
47%
Wicka
40%
Stansen
35%
Bomba
26%
Flapper
26%
Columbus
23%
Rampo
23%
Baxcon
21%
Bobomba
21%
Inhel
21%
Cotton
16%
Daikon
16%
Nubon
16%
Pellini
16%
Aucun quiz correspondant
Distribution des résultats
% des personnes avec chaque résultat
Percentile par nombre de réponses
Votre historique - résultats
Vous n’avez pas pris ce quiz